[Event "13th EICC"]
[Site "Plovdiv BUL"]
[Date "2012.03.28"]
[Round "8.153"]
[White "Balla, Tamas-Kristof"]
[Black "Barta, Jozsef"]
[Result "1-0"]
[WhiteTitle "FM"]
[WhiteElo "2369"]
[BlackElo "2148"]
[WhiteFideId "1208497"]
[BlackFideId "712060"]
[EventDate "2012.03.20"]
[EventType "swiss"]

1. f4 e5 2. fxe5 d6 3. Nf3 dxe5 4. e4 Nf6 5. Nc3 Bg4 6. Bc4 Bxf3 7. Qxf3 c6 8.
d3 Qb6 9. Bb3 Nbd7 10. Be3 Bc5 11. Na4 Qa5+ 12. Bd2 Qc7 13. g4 h6 14. h4 Be7 15.
g5 hxg5 16. hxg5 Rxh1+ 17. Qxh1 Ng8 18. Qh7 O-O-O 19. Bxf7 b5 20. Nc3 Qb6 21.
O-O-O b4 22. Nb1 Nc5 23. Bxg8 Nxd3+ 24. cxd3 Rxd3 25. Qf5+ Kb8 26. Qxe5+ Bd6 27.
Qe8+ Kb7 28. Qd7+ Kb8 29. Be6 Qc5+ 30. Nc3 a5 31. Rh1 Rf3 32. Rh8+ Bf8 33. Bf4+
Rxf4 34. Qd8+ Ka7 35. Qc7+ Ka8 36. Qxf4 bxc3 37. Rxf8+ 1-0

[Event "13th EICC"]
[Site "Plovdiv BUL"]
[Date "2012.03.28"]
[Round "8.154"]
[White "Pavlidis, Anastasios"]
[Black "Berman, Mark"]
[Result "1-0"]
[WhiteTitle "FM"]
[WhiteElo "2363"]
[BlackElo "2129"]
[WhiteFideId "4208404"]
[BlackFideId "2806665"]
[EventDate "2012.03.20"]
[EventType "swiss"]

1. d4 Nf6 2. c4 d6 3. Nc3 e5 4. Nf3 Nbd7 5. e4 c6 6. Be2 Qc7 7. O-O g6 8. b3
exd4 9. Nxd4 Bg7 10. Be3 O-O 11. Qd2 Re8 12. f3 a5 13. Rac1 Nc5 14. Rfd1 Ncd7
15. Bf1 Ne5 16. Kh1 Qe7 17. Bg5 1-0

[Event "13th EICC"]
[Site "Plovdiv BUL"]
[Date "2012.03.28"]
[Round "8.156"]
[White "Ljangov, Petar"]
[Black "Boehnisch, Manfred"]
[Result "1/2-1/2"]
[BlackTitle "FM"]
[WhiteElo "2089"]
[BlackElo "2291"]
[WhiteFideId "2901277"]
[BlackFideId "4611543"]
[EventDate "2012.03.20"]
[EventType "swiss"]

1. e4 c6 2. d3 d5 3. Nd2 g6 4. Ngf3 Bg7 5. g3 e5 6. Bg2 Ne7 7. O-O O-O 8. Re1 d4
9. Nc4 b5 10. Ncd2 a6 11. Nb3 Qd6 12. a4 Be6 13. Ng5 Bxb3 14. cxb3 f6 15. Nf3
Nd7 16. Bd2 c5 17. Qc2 Qe6 18. Rec1 Rfc8 19. axb5 axb5 20. Rxa8 Rxa8 21. b4 Rc8
22. bxc5 Rxc5 23. Qd1 Rxc1 24. Qxc1 Qc6 25. Qxc6 Nxc6 26. Kf1 Nc5 27. Ke2 Kf7
28. Ne1 Bf8 29. Bh3 Ke7 30. Nc2 Na4 31. Na3 b4 32. Nc4 Nc5 33. Nb6 b3 34. Nc4
Kf7 35. f4 Be7 36. fxe5 Nxe5 37. Bc8 Ke8 38. Bc1 Kd8 39. Bh3 Kc7 1/2-1/2

[Event "13th EICC"]
[Site "Plovdiv BUL"]
[Date "2012.03.28"]
[Round "8.159"]
[White "Pavlidou, Ekaterini"]
[Black "Porfireanu, Serban"]
[Result "1-0"]
[WhiteTitle "WIM"]
[WhiteElo "2231"]
[BlackElo "1892"]
[WhiteFideId "4213262"]
[BlackFideId "1208632"]
[EventDate "2012.03.20"]
[EventType "swiss"]

1. d4 Nf6 2. c4 g6 3. Nc3 d6 4. e4 Bg7 5. Nf3 O-O 6. h3 e5 7. dxe5 dxe5 8. Qxd8
Rxd8 9. Bg5 c6 10. Nxe5 Re8 11. O-O-O Nxe4 12. Nxe4 Bxe5 13. f4 f5 14. fxe5 fxe4
15. c5 Be6 16. Rd6 Bd5 17. e6 h5 18. e7 Bxa2 19. Be2 a5 20. Rhd1 Na6 21. Rxc6
Bc4 22. Rcd6 1-0

[Event "13th EICC"]
[Site "Plovdiv BUL"]
[Date "2012.03.28"]
[Round "8.162"]
[White "Henseler, Jorgen"]
[Black "Voiteanu, Gabriel"]
[Result "0-1"]
[BlackTitle "FM"]
[WhiteElo "2071"]
[BlackElo "2275"]
[WhiteFideId "1023233"]
[BlackFideId "1208810"]
[EventDate "2012.03.20"]
[EventType "swiss"]

1. e4 d5 2. exd5 Qxd5 3. Nc3 Qa5 4. d4 c6 5. Bc4 Nf6 6. Nf3 Bf5 7. Ne5 e6 8. g4
Bg6 9. h4 Nbd7 10. Nxd7 Nxd7 11. h5 Be4 12. Rh3 Bd5 13. Bd3 c5 14. dxc5 Bxc5 15.
Bd2 Bc6 16. Qe2 Qb6 17. O-O-O O-O-O 18. Ne4 Ne5 19. Nxc5 Qxc5 20. Bc3 Nxd3+ 21.
Rhxd3 Rxd3 22. Qxd3 f6 23. Bd4 Qg5+ 24. Kb1 Rd8 25. Qe2 Qd5 0-1

[Event "13th EICC"]
[Site "Plovdiv BUL"]
[Date "2012.03.28"]
[Round "8.163"]
[White "Makka, Ioulia"]
[Black "Khelaia, Giorgi"]
[Result "1-0"]
[WhiteTitle "WIM"]
[WhiteElo "2152"]
[BlackElo "2080"]
[WhiteFideId "4205316"]
[BlackFideId "13604600"]
[EventDate "2012.03.20"]
[EventType "swiss"]

1. e4 c5 2. Nf3 d6 3. d4 cxd4 4. Nxd4 Nf6 5. Nc3 g6 6. g3 Bg7 7. Bg2 O-O 8. O-O
Nc6 9. Nde2 Bd7 10. h3 Rc8 11. a4 Qa5 12. Bd2 Qh5 13. Qc1 Nb4 14. a5 Rfe8 15.
Be3 Rc4 16. g4 Bxg4 17. Ng3 Qe5 18. hxg4 Nxg4 19. Bf4 Qc5 20. Qd1 h5 21. Na4
Qxa5 22. c3 Nd5 23. Qxd5 Qxd5 24. exd5 b5 25. Bc1 bxa4 26. Rd1 h4 27. Nf1 f5 28.
Nh2 Ne5 29. Bf1 Rc7 30. Rxa4 Bf6 31. f4 Nd7 32. Ra6 Nc5 33. Ra3 Rb8 34. Nf3 Rcb7
35. b4 Ne4 36. Nd4 Rc7 37. Nc6 Ra8 38. c4 e5 39. fxe5 dxe5 40. b5 g5 41. b6 Rb7
42. Rxa7 Rbxa7 43. bxa7 Nc3 44. Rd2 e4 45. Rb2 Rxa7 46. Rb8+ Kf7 47. Nxa7 Bd4+
48. Kh1 e3 49. Nb5 Nxb5 50. Rxb5 f4 51. Be2 Kg6 52. Bg4 1-0

[Event "13th EICC"]
[Site "Plovdiv BUL"]
[Date "2012.03.28"]
[Round "8.164"]
[White "Petrov, Vladimir Sergeev"]
[Black "Cherednichenko, Elena"]
[Result "1/2-1/2"]
[BlackTitle "WFM"]
[WhiteElo "1980"]
[BlackElo "2130"]
[WhiteFideId "2902940"]
[BlackFideId "14105560"]
[EventDate "2012.03.20"]
[EventType "swiss"]

1. d4 d5 2. c4 c6 3. Nc3 Nf6 4. Nf3 e6 5. Bg5 Be7 6. e3 Nbd7 7. Bd3 h6 8. Bh4
O-O 9. O-O b6 10. Re1 Bb7 11. Bg3 Nh5 12. e4 Nxg3 13. hxg3 dxe4 14. Nxe4 c5 15.
Bc2 cxd4 16. Nxd4 Nf6 17. Qd3 g6 18. Nxf6+ Bxf6 19. Rad1 e5 20. Nb5 Qxd3 21.
Rxd3 a6 22. Rd6 Bd8 23. Nc3 Rc8 24. Rd7 Ba8 25. Red1 Bc6 26. Ra7 a5 27. Rd6 Ra8
28. Rxa8 Bxa8 29. Be4 Bc7 30. Rd7 Bxe4 31. Nxe4 Bd8 32. Nc3 Bg5 33. Nd5 Rb8 34.
Rd6 Bd8 35. Kf1 Kf8 36. Ke2 Ke8 37. Kd3 Rb7 38. Ke4 Bc7 39. Rc6 Bb8 40. Rxb6 f5+
41. Kd3 e4+ 42. Ke2 Rxb6 43. Nxb6 Be5 44. b3 Bd4 45. Nd5 Kd7 46. Ne3 Kd6 47. Nc2
Bb2 48. Kd2 Kc5 49. Ne3 Kd4 50. Nd5 Ba3 51. Nc7 Bb4+ 52. Ke2 Ke5 53. Nb5 Bc5 54.
Nc7 Bd6 55. Nb5 Bc5 56. a3 g5 57. f3 h5 1/2-1/2

[Event "13th EICC"]
[Site "Plovdiv BUL"]
[Date "2012.03.28"]
[Round "8.167"]
[White "Blaushtain, Boris"]
[Black "Mihopoulos, Konstantinos"]
[Result "1-0"]
[WhiteElo "2105"]
[BlackElo "1951"]
[WhiteFideId "2804638"]
[BlackFideId "4217110"]
[EventDate "2012.03.20"]
[EventType "swiss"]

1. c4 e6 2. Nc3 d5 3. d4 Be7 4. Nf3 Nf6 5. e3 O-O 6. Bd3 c5 7. O-O Nc6 8. dxc5
Bxc5 9. a3 dxc4 10. Bxc4 a6 11. b4 Bd6 12. Bb2 Qc7 13. Bb3 Ng4 14. h3 Nh2 15.
Nxh2 Bxh2+ 16. Kh1 b5 17. f4 Rd8 18. Qe2 Bg3 19. Qg4 Rd2 20. Nd1 f5 21. Qxg3 Bb7
22. Bxe6+ Kh8 23. Bc3 Rxd1 24. Raxd1 Nd8 25. Be5 1-0

[Event "13th EICC"]
[Site "Plovdiv BUL"]
[Date "2012.03.28"]
[Round "8.168"]
[White "Manelidou, Maria"]
[Black "Meyes, Richard"]
[Result "1-0"]
[WhiteElo "2067"]
[BlackElo "1786"]
[WhiteFideId "4212240"]
[BlackFideId "12932833"]
[EventDate "2012.03.20"]
[EventType "swiss"]

1. e4 c5 2. Nf3 d6 3. d4 cxd4 4. Nxd4 Nf6 5. f3 e5 6. Nb3 Be6 7. c4 a5 8. Be3 a4
9. N3d2 Qa5 10. Bd3 Be7 11. O-O Bd8 12. Kh1 Bb6 13. Bxb6 Qxb6 14. Nc3 a3 15. b3
Nc6 16. Nb5 Nd4 17. Nxd4 Qxd4 18. Qe2 Nh5 19. g3 Nf6 20. Rfd1 O-O 21. Rac1 Rfd8
22. Nf1 Nd7 23. f4 Nb8 24. f5 Bc8 25. c5 Qb4 26. Rc4 1-0

[Event "13th EICC"]
[Site "Plovdiv BUL"]
[Date "2012.03.28"]
[Round "8.170"]
[White "Vdovenko, Volodymyr"]
[Black "Bozinovic, Boban"]
[Result "0-1"]
[BlackTitle "CM"]
[WhiteElo "1784"]
[BlackElo "2105"]
[WhiteFideId "14110938"]
[BlackFideId "929697"]
[EventDate "2012.03.20"]
[EventType "swiss"]

1. Nf3 c5 2. g3 Nc6 3. Bg2 Nf6 4. O-O g6 5. c4 Bg7 6. Nc3 O-O 7. d3 d6 8. a3 a6
9. Rb1 Rb8 10. b4 Nd7 11. Bd2 cxb4 12. axb4 Nce5 13. Ng5 h6 14. Nf3 Nxf3+ 15.
Bxf3 Ne5 16. Bg2 Bf5 17. Rb3 Re8 18. b5 a5 19. b6 Bd7 20. Nd5 Ba4 21. Nc7 Rf8
22. Bxa5 Nc6 23. Bxc6 bxc6 24. Qb1 Bxb3 25. Qe1 Rb7 26. Qd2 c5 27. Rb1 Ba4 28.
Qe3 Bc6 29. h4 Qxc7 0-1

[Event "13th EICC"]
[Site "Plovdiv BUL"]
[Date "2012.03.29"]
[Round "9.19"]
[White "Berkes, Ferenc"]
[Black "Volkov, Sergey"]
[Result "1-0"]
[WhiteTitle "GM"]
[BlackTitle "GM"]
[WhiteElo "2682"]
[BlackElo "2623"]
[WhiteFideId "718572"]
[BlackFideId "4122763"]
[EventDate "2012.03.20"]
[EventType "swiss"]

1. g3 d5 2. Bg2 c5 3. Nf3 g6 4. d4 cxd4 5. Nxd4 Bg7 6. O-O e5 7. Nb3 Ne7 8. Nc3
d4 9. Ne4 Nbc6 10. e3 f5 11. Ng5 e4 12. exd4 h6 13. Nh3 Nxd4 14. c3 Ndc6 15.
Qxd8+ Kxd8 16. Nf4 g5 17. Nh5 Be5 18. f4 exf3 19. Bxf3 Kc7 20. Be3 Be6 21. Rae1
Rad8 22. Bc5 Rhe8 23. Ng7 Bxg7 24. Rxe6 g4 25. Rfe1 Ne5 26. R1xe5 Bxe5 27. Rxe5
Ng6 28. Rxe8 Rxe8 29. Bd5 Re2 30. Nd4 Rxb2 31. Nxf5 Rb1+ 32. Kf2 Rb5 33. Bd6+
Kd7 34. c4 Rb2+ 35. Ke3 b6 36. Bf7 Rxa2 37. Bxg6 Ke6 38. c5 bxc5 39. Bxc5 Kf6
40. Bh7 a5 41. Kf4 Rxh2 42. Kxg4 a4 43. Kf4 h5 44. Be7+ Kf7 45. Kg5 h4 46. Bg6+
Ke6 47. gxh4 Rg2+ 48. Kh6 Rb2 49. h5 Rb7 50. Bh7 Ra7 51. Kg6 a3 52. Bg8+ Ke5 53.
Ba2 Ra6+ 54. Bd6+ 1-0

[Event "13th EICC"]
[Site "Plovdiv BUL"]
[Date "2012.03.29"]
[Round "9.21"]
[White "Vuckovic, Bojan"]
[Black "Georgiev, Kiril"]
[Result "1/2-1/2"]
[WhiteTitle "GM"]
[BlackTitle "GM"]
[WhiteElo "2628"]
[BlackElo "2671"]
[WhiteFideId "922277"]
[BlackFideId "2900017"]
[EventDate "2012.03.20"]
[EventType "swiss"]

1. e4 e5 2. Nf3 Nc6 3. Bb5 Nf6 4. O-O Nxe4 5. d4 Nd6 6. Bxc6 dxc6 7. dxe5 Nf5 8.
Qxd8+ Kxd8 9. Nc3 Ke8 10. h3 h5 11. Bf4 Be6 12. Rad1 Bb4 13. Bd2 Rd8 14. Bg5 Rd7
15. Rxd7 Kxd7 16. Rd1+ Kc8 17. a3 Bxc3 18. bxc3 c5 19. Nh4 Nxh4 20. Bxh4 b6 21.
f4 Bf5 22. Rd2 Kb7 23. Kf2 Kc6 24. c4 Be6 25. Ke3 Bxc4 26. f5 b5 27. c3 a5 28.
Rd8 Rxd8 29. Bxd8 Kd7 30. Bg5 Bf1 31. Kf2 Bc4 32. Ke3 b4 33. cxb4 cxb4 34. axb4
axb4 35. Kd4 Bf1 36. h4 Bxg2 37. Kc4 c5 38. Kxc5 b3 39. Bc1 g5 40. fxg6 fxg6 41.
Kc4 Ke6 42. Kxb3 Kxe5 1/2-1/2

[Event "13th EICC"]
[Site "Plovdiv BUL"]
[Date "2012.03.29"]
[Round "9.23"]
[White "Balogh, Csaba"]
[Black "Stocek, Jiri"]
[Result "1-0"]
[WhiteTitle "GM"]
[BlackTitle "GM"]
[WhiteElo "2664"]
[BlackElo "2606"]
[WhiteFideId "718939"]
[BlackFideId "304760"]
[EventDate "2012.03.20"]
[EventType "swiss"]

1. e4 e5 2. Nf3 Nc6 3. Bb5 d6 4. d4 Bd7 5. d5 Nce7 6. Bxd7+ Qxd7 7. O-O h6 8. c4
f5 9. Nc3 Nf6 10. exf5 Nxf5 11. Be3 Be7 12. Qd3 O-O 13. Nd2 Nh7 14. Nde4 Bg5 15.
Bxg5 Nxg5 16. Nxg5 hxg5 17. Ne4 Qe7 18. f3 Nd4 19. Rae1 Rae8 20. Nf2 Rf5 21. Re4
Qf7 22. Rg4 Rf8 23. Ne4 Qg6 24. Rf2 Qh6 25. Qd2 Rf4 26. Rxg5 Rh4 27. h3 Rxf3 28.
Rxf3 Rxe4 29. Rf2 Ne2+ 30. Kh2 Nf4 31. Rg4 Rxc4 32. Rf3 Re4 33. Rfg3 Re2 34. Qc3
Nh5 35. Rh4 Rf2 36. Qxc7 Rf7 37. Qd8+ Rf8 38. Qd7 g5 39. Qg4 1-0

[Event "13th EICC"]
[Site "Plovdiv BUL"]
[Date "2012.03.29"]
[Round "9.26"]
[White "Ragger, Markus"]
[Black "Azaladze, Shota"]
[Result "1-0"]
[WhiteTitle "GM"]
[BlackTitle "IM"]
[WhiteElo "2654"]
[BlackElo "2419"]
[WhiteFideId "1610856"]
[BlackFideId "13603027"]
[EventDate "2012.03.20"]
[EventType "swiss"]

1. d4 Nf6 2. Nf3 g6 3. c4 Bg7 4. Nc3 d6 5. e4 Bg4 6. Be2 O-O 7. Be3 Nfd7 8. Qd2
c5 9. d5 Qa5 10. Bh6 Bxf3 11. gxf3 f5 12. Bxg7 Kxg7 13. exf5 Rxf5 14. f4 Nf6 15.
O-O-O Nbd7 16. Bd3 Rh5 17. Rdg1 b5 18. Nxb5 Qxa2 19. Rg3 Rb8 20. Qe2 Qa5 21. Re3
Kh6 22. Rxe7 Rxb5 23. cxb5 c4 24. Bb1 Nc5 25. Qxc4 Nxd5 26. Re2 Nb4 27. f5 Rh3
28. Re3 Rxe3 29. fxe3 Qa4 30. Kd2 Qa5 31. Ke2 g5 32. h4 g4 33. f6 1-0

[Event "13th EICC"]
[Site "Plovdiv BUL"]
[Date "2012.03.29"]
[Round "9.30"]
[White "Pantsulaia, Levan"]
[Black "Efimenko, Zahar"]
[Result "0-1"]
[WhiteTitle "GM"]
[BlackTitle "GM"]
[WhiteElo "2595"]
[BlackElo "2695"]
[WhiteFideId "13602071"]
[BlackFideId "14107201"]
[EventDate "2012.03.20"]
[EventType "swiss"]

1. Nf3 d6 2. g3 e5 3. Bg2 Nf6 4. c4 c5 5. Nc3 Be7 6. a3 Nc6 7. Rb1 a5 8. d3 h6
9. Nd2 Be6 10. Nf1 d5 11. cxd5 Nxd5 12. Ne3 Nxe3 13. Bxe3 O-O 14. Bxc6 bxc6 15.
Na4 Rb8 16. Qc1 f5 17. Nxc5 Ba2 18. Ra1 Bd5 19. f3 Qc8 20. O-O Bf6 21. Qc3 e4
22. Bd4 exf3 23. e4 fxe4 24. dxe4 Qh3 25. Rf2 Bxd4 26. Qxd4 Be6 27. Rd1 Bg4 28.
Qd6 Rxb2 29. Rxb2 f2+ 30. Rxf2 Rxf2 31. Kxf2 Qxh2+ 32. Ke3 Qe2+ 33. Kd4 Qxd1+
34. Ke5 Qf3 35. Qd8+ Kh7 36. Qh4 Qxa3 37. Kd6 Qf3 38. Kxc6 a4 39. Qh2 a3 40. Qc2 0-1

[Event "13th EICC"]
[Site "Plovdiv BUL"]
[Date "2012.03.29"]
[Round "9.33"]
[White "Maze, Sebastien"]
[Black "Lysyj, Igor"]
[Result "1/2-1/2"]
[WhiteTitle "GM"]
[BlackTitle "GM"]
[WhiteElo "2577"]
[BlackElo "2656"]
[WhiteFideId "613762"]
[BlackFideId "4150120"]
[EventDate "2012.03.20"]
[EventType "swiss"]

1. e4 e5 2. Nf3 Nc6 3. Bb5 Nf6 4. O-O Nxe4 5. Re1 Nd6 6. Nxe5 Be7 7. Bf1 Nf5 8.
Bd3 Nxe5 9. Rxe5 Nd4 10. c3 Ne6 11. Bc2 d5 12. d4 Bd6 13. Re1 O-O 14. Nd2 c6 15.
g3 Re8 16. Nf3 Nf8 17. Bg5 f6 18. Be3 Bg4 19. Kg2 Bh5 20. Qd2 Bg6 21. Bxg6 Nxg6
22. h4 h5 23. Qd3 Ne7 24. Bd2 Qd7 25. Re2 Qf5 26. Qxf5 Nxf5 27. Rae1 Rxe2 28.
Rxe2 b6 29. Kh3 Kf7 30. Ne1 g6 31. Nd3 c5 32. dxc5 bxc5 33. Nf4 d4 34. cxd4 Nxd4
35. Re4 f5 36. Re3 Bxf4 37. gxf4 Rb8 38. Bc3 Nc6 39. Kg2 Rd8 40. Kf1 a5 41. Ke2
a4 42. Rd3 Ke6 43. Re3+ Kd5 44. Kd3 Rb8 45. a3 Rd8 46. Re1 c4+ 47. Kc2 Kc5 48.
Re3 Nd4+ 49. Kc1 Nb3+ 50. Kc2 Na1+ 51. Kc1 Nb3+ 52. Kc2 Nd4+ 53. Kc1 Kc6 54. Kb1
Rd6 55. Kc1 Kd7 56. Bb4 Re6 57. Kd2 Re4 58. Rg3 Rxf4 59. Rxg6 Ne6 60. Rh6 Rxh4
61. Kc3 Nc7 62. Rd6+ Kc8 63. Kd2 Rf4 64. Bc5 h4 65. Be3 Rg4 66. Ke2 Ne8 67. Rh6
Kd7 68. f3 Rg2+ 69. Bf2 Nd6 70. Rxh4 Kc6 71. Rd4 Rg7 72. Be1 Rg2+ 73. Bf2 Rh2
74. Kf1 Rh1+ 75. Bg1 Rh7 76. Rf4 Kd5 77. Rd4+ Kc6 78. Rf4 Rh5 79. Bd4 Nb5 80.
Bc3 Kc5 81. Kg2 Nc7 82. Kg3 Ne6 83. Rh4 f4+ 84. Kh3 Ng5+ 85. Kg4 Rxh4+ 86. Kxh4
Nxf3+ 87. Kg4 Nd4 88. Kxf4 Kd5 89. Ke3 Nb5 90. Kf4 Nd6 1/2-1/2

[Event "13th EICC"]
[Site "Plovdiv BUL"]
[Date "2012.03.29"]
[Round "9.34"]
[White "Fridman, Daniel"]
[Black "Popovic, Dusan"]
[Result "1-0"]
[WhiteTitle "GM"]
[BlackTitle "GM"]
[WhiteElo "2653"]
[BlackElo "2561"]
[WhiteFideId "11600454"]
[BlackFideId "927031"]
[EventDate "2012.03.20"]
[EventType "swiss"]

1. d4 Nf6 2. Nf3 g6 3. c4 Bg7 4. g3 O-O 5. Bg2 d5 6. cxd5 Nxd5 7. O-O Nb6 8. Nc3
Nc6 9. e3 Re8 10. d5 Na5 11. Nd4 Bd7 12. b3 c6 13. dxc6 Nxc6 14. Nxc6 Bxc6 15.
Bxc6 bxc6 16. Qc2 Nd5 17. Bb2 Nb4 18. Qe4 Qd2 19. Na4 Bxb2 20. Rad1 Qe2 21. Qxb4
Bf6 22. Rd2 Qb5 23. Qe4 Rad8 24. Rfd1 e6 25. Rd6 Be7 26. Nc3 Qc5 27. Rxc6 Rxd1+
28. Nxd1 Qa5 29. Nc3 Bf6 30. Qc2 Rd8 31. Ne4 Qe5 32. Kg2 Kg7 33. Rc7 a6 34. Nc5
a5 35. Nd7 Qd5+ 36. e4 Qd4 37. Nxf6 Kxf6 38. Rc5 Ra8 39. Rc4 Qe5 40. Qd2 Kg7 41.
Qd4 Qxd4 42. Rxd4 Rc8 43. Rc4 Rb8 44. Kf3 Kf6 45. h4 h6 46. Ke3 g5 47. h5 Rb5
48. Kd4 e5+ 49. Kc3 g4 50. Rc6+ Kg5 51. a4 1-0

[Event "13th EICC"]
[Site "Plovdiv BUL"]
[Date "2012.03.29"]
[Round "9.35"]
[White "Ivanisevic, Ivan"]
[Black "Gabrielian, Artur"]
[Result "1-0"]
[WhiteTitle "GM"]
[BlackTitle "GM"]
[WhiteElo "2645"]
[BlackElo "2554"]
[WhiteFideId "912417"]
[BlackFideId "4131002"]
[EventDate "2012.03.20"]
[EventType "swiss"]

1. d4 Nf6 2. c4 g6 3. f3 d5 4. cxd5 Nxd5 5. e4 Nb6 6. Nc3 Bg7 7. Be3 O-O 8. Qd2
Nc6 9. O-O-O f5 10. e5 Nb4 11. Nh3 Be6 12. Kb1 N4d5 13. Ng5 Nxc3+ 14. Qxc3 Bd5
15. h4 Qd7 16. Bd3 Rac8 17. Bc2 Nc4 18. h5 h6 19. Nh3 g5 20. Nxg5 hxg5 21. h6
Bh8 22. h7+ Kf7 23. Bxg5 Ke8 24. Rh6 c6 25. f4 b5 26. Qh3 Rc7 27. Rg6 e6 28. Qh5
Qf7 29. Bh6 Ne3 30. Bxf8 Nxd1 31. Bd6 Kd7 32. Bxc7 Ne3 33. Bd6 Nxg2 34. Qg5 Qxh7
35. Rh6 1-0

[Event "13th EICC"]
[Site "Plovdiv BUL"]
[Date "2012.03.29"]
[Round "9.36"]
[White "Petrosian, Tigran L."]
[Black "Prohaszka, Peter2"]
[Result "1-0"]
[WhiteTitle "GM"]
[BlackTitle "GM"]
[WhiteElo "2643"]
[BlackElo "2553"]
[WhiteFideId "13301616"]
[BlackFideId "726265"]
[EventDate "2012.03.20"]
[EventType "swiss"]

1. e4 c6 2. Nc3 d5 3. Nf3 a6 4. d4 Bg4 5. h3 Bh5 6. g4 Bg6 7. Ne5 Bxe4 8. Nxe4
dxe4 9. c3 Nd7 10. Qb3 Nxe5 11. dxe5 b5 12. e6 fxe6 13. a4 e5 14. g5 Rb8 15.
axb5 axb5 16. Be3 Qd5 17. c4 Qd6 18. c5 Qd5 19. Qc2 Rc8 20. b4 g6 21. h4 Qf7 22.
Bh3 e6 23. Qa2 Qf3 24. Qxe6+ Ne7 25. Qd7+ Kf7 26. Rg1 Kg7 27. Ra7 Rb8 28. Bg4
Qf7 29. Qd6 h5 30. Be6 Qe8 31. Qxe5+ Kh7 32. Bd4 Rg8 33. Rxe7+ Qxe7 34. Bxg8+
Kxg8 35. Qxb8 Qe6 36. Qe5 Qc4 37. Qh8+ Kf7 38. Qf6+ 1-0

[Event "13th EICC"]
[Site "Plovdiv BUL"]
[Date "2012.03.29"]
[Round "9.37"]
[White "Lenic, Luka"]
[Black "Neverov, Valeriy"]
[Result "1-0"]
[WhiteTitle "GM"]
[BlackTitle "GM"]
[WhiteElo "2637"]
[BlackElo "2544"]
[WhiteFideId "14603853"]
[BlackFideId "14100150"]
[EventDate "2012.03.20"]
[EventType "swiss"]

1. Nf3 g6 2. c4 Bg7 3. e4 d6 4. d4 Bg4 5. Be2 Nd7 6. O-O e5 7. d5 h5 8. b4 a5 9.
Ba3 f5 10. Ne1 Bxe2 11. Qxe2 Ngf6 12. Nc3 axb4 13. Bxb4 O-O 14. Nd3 Nxe4 15.
Nxe4 fxe4 16. Qxe4 Rf5 17. f3 Nf6 18. Qe2 Qd7 19. Nf2 b5 20. Ne4 bxc4 21. Qxc4
Qa4 22. a3 Qa7+ 23. Kh1 Nxe4 24. Qxe4 Rf4 25. Qe1 e4 26. Qg3 Raf8 27. Qxg6 exf3
28. gxf3 R4f6 29. Qe4 Rf4 30. Qe6+ R8f7 31. Rg1 Qd4 32. Rxg7+ Qxg7 33. Rg1 Rxf3
34. Qe8+ Kh7 35. Qe4+ Kg8 36. Rxg7+ Kxg7 37. Kg2 R3f4 38. Qe2 Rg4+ 39. Kh1 Rff4
40. Bd2 Re4 41. Qf3 Rc4 42. h3 1-0

[Event "13th EICC"]
[Site "Plovdiv BUL"]
[Date "2012.03.29"]
[Round "9.38"]
[White "Grigoriants, Sergey"]
[Black "Nyback, Tomi"]
[Result "1-0"]
[WhiteTitle "GM"]
[BlackTitle "GM"]
[WhiteElo "2561"]
[BlackElo "2636"]
[WhiteFideId "4130804"]
[BlackFideId "503142"]
[EventDate "2012.03.20"]
[EventType "swiss"]

1. e4 e5 2. Nf3 Nc6 3. Bb5 a6 4. Ba4 Nf6 5. O-O Be7 6. d3 b5 7. Bb3 d6 8. a4 Bd7
9. c3 O-O 10. Re1 Na5 11. Bc2 c5 12. Nbd2 Re8 13. Nf1 h6 14. Bd2 Bf8 15. Ne3 c4
16. Qe2 cxd3 17. Qxd3 bxa4 18. Bxa4 Bxa4 19. Rxa4 Nb3 20. Qc2 Nc5 21. Rc4 Qb6
22. h3 Qb7 23. Rb4 Qc6 24. Rc4 Nfxe4 25. b4 d5 26. Rxc5 Bxc5 27. bxc5 Qxc5 28.
Qd3 Rad8 29. Ra1 a5 30. Be1 Nxc3 31. Qxc3 Qxc3 32. Bxc3 d4 33. Bxa5 Rd7 34. Nc4
e4 35. Re1 f5 36. Bb6 d3 37. Nfd2 Rc8 38. f3 exf3 39. gxf3 Kf8 40. Re5 g6 41.
Bc5+ 1-0

[Event "13th EICC"]
[Site "Plovdiv BUL"]
[Date "2012.03.29"]
[Round "9.39"]
[White "Khairullin, Ildar"]
[Black "Sebenik, Matej"]
[Result "1-0"]
[WhiteTitle "GM"]
[BlackTitle "IM"]
[WhiteElo "2626"]
[BlackElo "2529"]
[WhiteFideId "4151348"]
[BlackFideId "14602296"]
[EventDate "2012.03.20"]
[EventType "swiss"]

1. d4 Nf6 2. c4 g6 3. Nc3 Bg7 4. e4 d6 5. f3 O-O 6. Be3 Nc6 7. Nge2 a6 8. Qd2
Rb8 9. Rc1 Re8 10. b3 e6 11. g3 Bd7 12. Bg2 b5 13. Nd1 bxc4 14. bxc4 Rb4 15. Nb2
Bc8 16. O-O Nd7 17. Rfd1 a5 18. Nd3 Rb8 19. c5 d5 20. e5 Ba6 21. f4 Nb4 22. Ne1
f5 23. Nc3 Nf8 24. h3 Qd7 25. g4 Nc6 26. Rb1 Bc4 27. Nd3 Nb4 28. Nc1 Nc6 29. Nd3
Nb4 30. Nb2 Ba6 31. a3 Nc6 32. Nba4 Bc4 33. Qc2 Red8 34. g5 Qe8 35. Bf1 Bxf1 36.
Kxf1 h6 37. h4 hxg5 38. hxg5 Kf7 39. Ke2 Nd7 40. Qd3 Rxb1 41. Rxb1 Ra8 42. Rb7
Qc8 43. Qb5 Na7 44. Qa6 Ke7 45. c6 Nb8 46. Qxa5 1-0

[Event "13th EICC"]
[Site "Plovdiv BUL"]
[Date "2012.03.29"]
[Round "9.42"]
[White "Gallagher, Joseph G."]
[Black "L'Ami, Erwin"]
[Result "0-1"]
[WhiteTitle "GM"]
[BlackTitle "GM"]
[WhiteElo "2502"]
[BlackElo "2611"]
[WhiteFideId "1303422"]
[BlackFideId "1007998"]
[EventDate "2012.03.20"]
[EventType "swiss"]

1. e4 c5 2. Nf3 d6 3. d4 cxd4 4. Qxd4 a6 5. c4 Nc6 6. Qd2 g6 7. b3 Bg7 8. Nc3
Nf6 9. Bb2 O-O 10. h3 Qa5 11. Bd3 b5 12. Nd5 Nxd5 13. Bxg7 Nf4 14. Bc3 Nxd3+ 15.
Qxd3 bxc4 16. Qe3 Qc5 17. Qh6 f6 18. Rc1 Be6 19. O-O Rfc8 20. Rfd1 Qh5 21. Qxh5
gxh5 22. bxc4 Bxc4 23. Rd2 Na7 24. Ba5 Kf7 25. Nd4 Nb5 26. a4 Nxd4 27. Rxd4 Be6
28. Rxc8 Rxc8 29. Bd2 Rc2 30. f3 Bd7 31. a5 Bb5 32. h4 Ke8 33. Kh2 Kd7 34. Bb4
Rb2 35. Bc3 Ra2 36. Kg3 Kc6 37. Be1 Kd7 38. Rd1 Ra3 39. Rd5 Bc6 40. Rd4 Ke6 41.
Rc4 Bb5 42. Rd4 Kf7 43. Rd1 Ra2 44. Rc1 Ke6 45. Rd1 Bc4 46. Rc1 Be2 47. Rb1 Bf1
48. Bf2 Bd3 49. Rd1 Ra3 50. Bb6 f5 51. exf5+ Kxf5 52. Rc1 Ra2 53. Bd8 e5 54. Rd1
Ra3 55. Rc1 Ke6 56. Rc7 Ra2 57. Re7+ Kd5 58. Bb6 Rd2 59. Be3 Re2 60. Bb6 Ra2 61.
Rc7 Ke6 62. Rc1 Bc2 63. Re1 Bg6 64. Rc1 d5 65. Rc6+ Kd7 66. Rc5 Kd6 67. Rc1 d4
68. Rc8 d3 69. Rd8+ Kc6 70. Rc8+ Kd5 71. Rd8+ Kc4 72. Rc8+ Kb3 73. Rd8 Re2 74.
f4 e4 75. f5 Bxf5 76. Kf4 Bg6 77. Be3 Kb4 78. Rd5 Rxg2 79. Ke5 Kb3 80. Rd6 Rg3
81. Kd4 Kc2 82. Rxa6 d2 83. Rc6+ Kd1 84. a6 Ke2 85. Bxd2 Kxd2 86. a7 Ra3 0-1